00802nam a22001697a 450000500170000000800410001704000100005808200200006810000310008824500620011926000420018130000200022365001650024394200130040899900170042195201940043820260219123646.0260219b |||||||| |||| 00| 0 eng d cVITAP 223a894.811 KAL aKalam, A.P.J. Abdul917154 aEn Vaazhvil Thirukkural (Tamil)c/ Dr. A.P.J. Abdul Kalam aChennaibTHG Publishing Pvt Ltdc2016 a64p, ill.: 21cm 0aThirukkural and Moral Values (Aram), Thirukkural and Governance (Porul), Thirukkural and Personal Life, Thirukkural in Education & Youth Development etc.917155 2ddccREF c47306d47306 00102ddc3Paper Back40718REFaVSBbVITAPcREFd2026-01-12eThe Hindu Group of Publicationsg110.00i9001173329l0o894.811 KALp025515r2026-02-19 12:37:58v110.00w2026-01-12yREFzGEN